000 02009nam a22002537a 4500
999 _c57143
_d57143
003 Ge_BSU
005 20191129121607.0
008 191129s2019 ge ||||| |||| 00| 0 geo d
020 _a9789941965289 (ყველა ტომის)
_c9789941962073 (მე-3 ტომის)
041 _ageo
080 _a94(479.22)"1918.05"(094.1)+328(479.22)"1919"+329.141(479.22) ს-32
245 _aსაქართველოს დამფუძნებელი კრება : სხდომის ოქმები : 7 ტომად.
_bტ. 3, 1919 წლის 28 ივლისი - 11 ნოემბერი /
_c ტომის სარედ.საბჭ.ირაკლი იაკობაშვილი ; მზია ხოსიტაშვილი ; ემზარ ჯგერენაია.
264 _aთბილისი :
_b საქ. პარლამენტის ეროვნული ბიბ-კა,
_c2019.
300 _a548 გვ. ;
_c25 სმ.
500 _aპირთა საძიებელი: გვ. 503-541. ადგილთა საძიებელი: გვ. 543-546.
504 _aბიბლიოგრაფია: გვ. 547.
653 _aსაქართველოს სოციალ-დემოკრატიული პარტია.
653 _aსაქართველოს დამფუძნებელი კრება
653 _a1918-1921 წლები -- საქართველოს დემოკრატიული რესპუბლიკა -- სხდომის ოქმები.
700 _a იაკობაშვილი, ირაკლი
_eსარედაქციო საბჭო
_95630
700 _aხოსიტაშვილი, მზია
_eსარედაქციო საბჭო
_95612
700 _aჯგერენაია, ემზარ
_eსარედაქციო საბჭო
_95613
942 _2udc
_cBK